Future directions in ultraviolet spectroscopy (Record no. 17996)

MARC details
000 -LEADER
fixed length control field 00950nam a2200205Ia 4500
003 - CONTROL NUMBER IDENTIFIER
control field IN-BaIIA
008 - FIXED-LENGTH DATA ELEMENTS--GENERAL INFORMATION
fixed length control field 211028s9999 xx 000 0 eng d
020 ## - INTERNATIONAL STANDARD BOOK NUMBER
International Standard Book Number 978-0-7354-0672-8
040 ## - CATALOGING SOURCE
Transcribing agency IIA Library
080 ## - UNIVERSAL DECIMAL CLASSIFICATION NUMBER
Universal Decimal Classification number 524.3-74(082.1)
Item number FUT
111 ## - MAIN ENTRY--MEETING NAME
Meeting name or jurisdiction name as entry element Conference inspired By the Accomplishments of the Far Ultraviolet Spectroscopic Explorer Mission
Location of meeting Annapolis
Date of meeting or treaty signing 2008 Oct. 20-22
9 (RLIN) 34274
245 #0 - TITLE STATEMENT
Title Future directions in ultraviolet spectroscopy
Remainder of title proceedings of the Conference inspired by the accomplishments of the far ultraviolet spectroscopic explorer mission, held in Annapolis, Maryland, 20-22 October, 2008
Statement of responsibility, etc. edited by George Sonneborn..[et.al]
260 ## - PUBLICATION, DISTRIBUTION, ETC.
Place of publication, distribution, etc. Melville
Name of publisher, distributor, etc. American Institute of Physics
Date of publication, distribution, etc. 2009
300 ## - PHYSICAL DESCRIPTION
Extent [various pagings.]
650 ## - SUBJECT ADDED ENTRY--TOPICAL TERM
Topical term or geographic name entry element Ultraviolet spectroscopy
9 (RLIN) 5447
700 ## - ADDED ENTRY--PERSONAL NAME
Personal name Moos, H. Warren.,ed.
9 (RLIN) 34275
700 ## - ADDED ENTRY--PERSONAL NAME
Personal name Sonneborn, George., ed.
9 (RLIN) 34276
700 ## - ADDED ENTRY--PERSONAL NAME
Personal name Van Steenberg, Michael E., ed.
9 (RLIN) 34277
942 ## - ADDED ENTRY ELEMENTS (KOHA)
Koha item type Books
Holdings
Withdrawn status Lost status Damaged status Not for loan Home library Current library Shelving location Date acquired Source of acquisition Cost, normal purchase price Total Checkouts Full call number Barcode Date last seen Date last checked out Cost, replacement price Price effective from Koha item type Purchase Price
        IIA Library-Bangalore IIA Library-Bangalore General Stacks 03/03/2011 SIP 2260.00 1 524.3-74(082.1)/ FUT 18918 03/03/2026 15/02/2024 2260.00 03/03/2011 Books Rs. 2260.00

Powered by Koha